Normal view
MARC view
- Moraleda, Jorge.
Entry Personal Name
001 - CONTROL NUMBER
- control field: 37198
003 - CONTROL NUMBER IDENTIFIER
- control field: OSt
005 - DATE AND TIME OF LATEST TRANSACTION
- control field: 20190228150045.0
008 - FIXED-LENGTH DATA ELEMENTS
- fixed length control field: 190228|| aca||aabn | a|a d
040 ## - CATALOGING SOURCE
- Original cataloging agency: OSt
- Transcribing agency: OSt
100 ## - HEADING--PERSONAL NAME
- Personal name: Moraleda, Jorge.
670 ## - SOURCE DATA FOUND
- Source citation: Work cat.: (OSt): Moraleda, Jorge., Lake wobegon dice/, cJul 2012-Sept 2015.
